| 000 | 00649nam a2200145Ia 4500 | ||
|---|---|---|---|
| 008 | 170221s9999 xx 000 0 und d | ||
| 100 | _aVitaly Ivanovich Teplov | ||
| 245 | _aBusiness Processes Content of Trade Organizations and Peculiarities of their Management in Market Environment | ||
| 245 | _cVitaly Ivanovich Teplov, Elizaveta Evgenievna Tarasova, Marianna Vladimirovna Alyabieva, Elena Viktorovna Isaenko, Lyudmila Petrovna Pidoimo | ||
| 260 | _bInternational Review of Management and Marketing | ||
| 260 | _cFebruary 2015 | ||
| 300 | _a4:1 | ||
| 650 | _xMarketing. | ||
| 856 | _uhttp://www.econjournals.com/index.php/irmm/issue/view/83 | ||
| 999 |
_c310038 _d310038 |
||